<?xml version="1.0" encoding="UTF-8"?>
<marc:record xmlns:marc="http://www.loc.gov/MARC21/slim">
   <marc:leader>00000nam a2200000 a 4500</marc:leader>
   <marc:datafield ind1="0" ind2="0" tag="245">
      <marc:subfield code="a">Donna 11/2023</marc:subfield>
   </marc:datafield>
   <marc:datafield ind1="0" ind2="0" tag="245">
      <marc:subfield code="b">Ab heute bin ich nett zu mir! Warum es so wichtig ist, sich selbst Gutes zu tun, und wie Wohnen dabei hilft! Mode: Deutschlands Fashion-Influencerinnen zeigen Trends; Bitte anfassen: Warum wir mehr Berührung brauchen Plus: neue Massage Techniken; Der Freu</marc:subfield>
   </marc:datafield>
   <marc:datafield ind1=" " ind2="1" tag="264">
      <marc:subfield code="a">Ismaning</marc:subfield>
      <marc:subfield code="b">Funke Lifestyle GmbH</marc:subfield>
      <marc:subfield code="c">2023</marc:subfield>
   </marc:datafield>
   <marc:datafield ind1="1" ind2=" " tag="490">
      <marc:subfield code="a">monatlich</marc:subfield>
   </marc:datafield>
   <marc:datafield ind1="0" ind2=" " tag="490">
      <marc:subfield code="v">0</marc:subfield>
   </marc:datafield>
</marc:record>
